000
00338nam a2200133Ia 4500
008
100328s9999 xx 000 0 und d
082
_b
45980
100
_a
टिकेकर अरुण
245
_a
जन-मन
260
_b
श्रीविद्या
630
_a
जन-मन
730
_a
जन-मन
942
_c
BOOK
999
_c
534028
_d
534025